• 首页
  • 本馆介绍
  • 公告通知
  • 最新文献
  • 馆藏检索
  • 电子资源
  • 读者导购
  • 参考咨询
  • 我的图书馆
  • 登录
  • 详细信息显示
  • 放入我的书架
  • 预约/预借图书
  • 作者相关作品
  • 分类相关作品
  • 丛书相关作品
  • 出版社相关作品

书目信息

  • 表格格式
  • 工作单格式
  • 卡片格式
题名:
建筑模型设计
    
 
作者: 郁有西 编著
分册:  
出版信息: 北京   中国轻工业出版社  2016.7
页数: 118页
开本: 29cm
丛书名:
单 册:
中图分类: TU205
科图分类:
主题词: 模型(建筑)--设计--高等教育--教材 , 模型(建筑)
电子资源:
ISBN: 7-5019-5600-6
000 01030nam0 2200289 450
001 0400004215
005 20171023155615.0
010    @a7-5019-5600-6@dCNY34.00
100    @a20171023d2016 em y0chiy ea
101 0  @achi
102    @aCN@b110000
105    @aa z 000yy
106    @ar
200 1  @a建筑模型设计@9jian zhu mo xing she ji@f郁有西[等]编著
210    @a北京@c中国轻工业出版社@d2016.7
215    @a118页@c图@d29cm
300    @a高等教育艺术设计规划教材/徐福山,魏嘉主编
304    @a编著还有:刘木森、王海涛、李晓明
312    @a封面英文题名:Architecture model design
330    @a本书共分六章,内容包括:绪论、模型设计的构成要素、模型制作材料与设备、模型设计制作、电脑设计与雕刻制作、模型鉴赏,对设计过程中各个五一节的模型进行了全面、系统性的阐述。
510 1  @aArchitecture model design@zeng
606 0  @a模型(建筑)@x设计@x高等教育@j教材
606 0  @a模型(建筑)
690    @aTU205@v4
701  0 @a郁有西@9yu you xi@4编著
801  0 @aCN@b91MARC@c20171023
905    @b1037320-4@dTU205@f5@e1290
    
    建筑模型设计/郁有西[等]编著.-北京:中国轻工业出版社,2016.7
    118页:图;29cm
    高等教育艺术设计规划教材/徐福山,魏嘉主编
    
    ISBN 7-5019-5600-6:CNY34.00
    本书共分六章,内容包括:绪论、模型设计的构成要素、模型制作材料与设备、模型设计制作、电脑设计与雕刻制作、模型鉴赏,对设计过程中各个五一节的模型进行了全面、系统性的阐述。
●
相关链接 在E读中查询图书 在五车中查询图书 在当当中查询图书 在豆瓣中查询图书


正题名:建筑模型设计     索取号:TU205/1290         预约/预借

序号 登录号 条形码 馆藏地/架位号 状态 备注
1 1037320   210373200   第二样本阅览室/ [索取号:TU205/1290] 在馆    
2 1037321   210373219   密集书库-生命科学系/ [索取号:TU205/1290] 在馆    
3 1037322   210373228   第三借阅区/ [索取号:TU205/1290] 在馆    
4 1037323   210373237   第三借阅区/ [索取号:TU205/1290] 在馆    
5 1037324   210373246   第三借阅区/ [索取号:TU205/1290] 在馆    
唐山师范学院图书馆 欢迎您!
大连网信软件有限公司© 版权所有